[Event "Challenge"]
[Site "http://www.queenalice.com/game.php?id=1222905"]
[Date "2013.10.7"]
[Round "-"]
[White "duberry"]
[Black "Clarence"]
[Result "1-0"]
[WhiteElo "1999"]
[BlackElo "1965"]

1. e4 e5 2. Nc3 Nc6 3. f4 Bc5 4. Qg4 Nf6 5. Qg5 Nd4 6. fxe5 Nxc2+ 7. Kd1 Nxa1 8.
exf6 Qxf6 9. Nf3 d6 10. Nd5 Qd8 11. Qxg7 Rf8 12. Nf6+ Ke7 13. d4 Be6 14. Nd5+
Kd7 15. Bg5 Qb8 16. Nf6+ Kc6 17. d5+ 1-0

[Event "Challenge"]
[Site "http://www.queenalice.com/game.php?id=1227930"]
[Date "2013.10.28"]
[Round "-"]
[White "BossHaar"]
[Black "duberry"]
[Result "0-1"]
[WhiteElo "2037"]
[BlackElo "2018"]

1. e4 c5 2. Nf3 d6 3. c3 Nc6 4. Bb5 a6 5. Bxc6+ bxc6 6. d4 cxd4 7. cxd4 g6 8.
Nc3 Bg7 9. Be3 Nf6 10. h3 O-O 11. Qd2 Rb8 12. g4 d5 13. g5 Nxe4 14. Qc2 Bf5 15.
Nh4 Ng3 16. Nxf5 Nxf5 17. O-O-O e5 18. dxe5 Nxe3 19. fxe3 Qxg5 20. Kb1 Qxe5 21.
Rd3 Rb6 22. Kc1 Rfb8 23. b3 R6b7 24. Na4 c5 25. Rhd1 c4 26. Rxd5 cxb3 27. axb3
Qxe3+ 28. R1d2 Rxb3 29. Rd3 Rxd3 30. Qxd3 Rc8+ 31. Kd1 Qg1+ 32. Ke2 Re8+ 33. Kf3
Qh1+ 34. Kf2 Re1 0-1

[Event "another attempt"]
[Site "http://www.queenalice.com/game.php?id=1239729"]
[Date "2013.12.13"]
[Round "-"]
[White "duberry"]
[Black "BossHaar"]
[Result "1-0"]
[WhiteElo "2023"]
[BlackElo "2107"]

1. e4 c5 2. Nf3 Nc6 3. d4 cxd4 4. Nxd4 e5 5. Nb5 a6 6. Nd6+ Bxd6 7. Qxd6 Qf6 8.
Qc7 Qg6 9. Nc3 Nf6 10. Qd6 Nd4 11. b3 Ng4 12. Qxg6 fxg6 13. Bd3 O-O 14. O-O b5
15. Nd5 Bb7 16. Nb6 Rad8 17. Bg5 Nf6 18. f3 d5 19. Nxd5 Ne6 20. Nxf6+ gxf6 21.
Be3 Nf4 22. Rad1 Nxd3 23. cxd3 Rd7 24. Bb6 Rc8 25. Rf2 Rd6 26. Ba5 Rdc6 27. h3
g5 28. Rfd2 Rc2 29. Rxc2 Rxc2 30. a3 Rb2 31. b4 Ra2 32. Rc1 Rxa3 33. Rc7 Rxd3
34. Rxb7 Rd6 35. Kh2 h6 36. Kg3 h5 37. Ra7 f5 38. Re7 f4+ 39. Kh2 Rd2 40. Rxe5
g4 41. Rg5+ Kf7 42. hxg4 hxg4 43. Rxg4 1-0

[Event "Let's Play Chess!"]
[Site "http://www.queenalice.com/game.php?id=1244204"]
[Date "2014.1.2"]
[Round "-"]
[White "greggy"]
[Black "duberry"]
[Result "1-0"]
[WhiteElo "2412"]
[BlackElo "1952"]

1. e4 e6 2. d4 d5 3. Nc3 Nf6 4. Bg5 Be7 5. e5 Ne4 6. Bxe7 Qxe7 7. Nxe4 dxe4 8.
c3 O-O 9. Qe2 f5 10. exf6 Qxf6 11. f3 exf3 12. Nxf3 b6 13. Qe4 c6 14. Bc4 a6 15.
O-O Qg6 16. Qh4 Nd7 17. Ne5 Nxe5 18. Rxf8+ Kxf8 19. Rf1+ Ke8 20. dxe5 Ra7 21.
Be2 Rf7 22. Bh5 Rxf1+ 23. Kxf1 Qxh5 24. Qxh5+ Kf8 25. Qxh7 Bd7 26. Qh8+ Kf7 27.
Qd8 Be8 28. Qxb6 1-0

[Event "Challenge"]
[Site "http://www.queenalice.com/game.php?id=1244473"]
[Date "2014.1.2"]
[Round "-"]
[White "ramonigerpawn"]
[Black "duberry"]
[Result "1-0"]
[WhiteElo "2039"]
[BlackElo "1953"]

1. d4 e6 2. e4 d5 3. Nc3 Nf6 4. Bg5 Be7 5. Nf3 a6 6. Bd3 c5 7. dxc5 d4 8. Nxd4
h6 9. Bh4 Bxc5 10. Nb3 Be7 11. f4 e5 12. f5 Nbd7 13. Qf3 b6 14. O-O-O Bb7 15. a3
Rc8 16. Bxf6 Bxf6 17. Qe2 Bg5+ 18. Kb1 b5 19. g3 O-O 20. h4 Be7 21. Rh2 Bxa3 22.
Nxb5 Qb6 23. Nxa3 Ra8 24. Qf2 a5 25. Qxb6 Nxb6 26. Nc4 Nxc4 27. Bxc4 Bxe4 28.
Re2 Bf3 29. Rde1 Bxe2 30. Rxe2 a4 31. Nd2 Rfd8 32. b3 Rab8 33. Ka2 axb3+ 34.
Bxb3 Kf8 35. Nc4 f6 36. Kb2 Rd4 37. Kc1 Ra8 38. Rd2 Ra1+ 39. Kb2 Rxd2 40. Nxd2
Rd1 41. Kc3 Rg1 42. Ne4 Rf1 43. Be6 Ke7 44. Kd2 g6 45. Ke2 Rg1 46. c4 Rg2+ 47.
Kf3 Ra2 48. c5 Ra6 49. Ke3 Rxe6 50. fxe6 f5 51. Nd6 Kxe6 52. Nc4 f4+ 53. gxf4
exf4+ 54. Kxf4 g5+ 55. hxg5 hxg5+ 56. Ke4 g4 57. Ne3 g3 58. Kd4 Kf6 59. Kd5 Ke7
60. c6 Ke8 61. Kd6 Kd8 62. c7+ Kc8 63. Kc6 g2 64. Nf5 g1=N 65. Nd6# 1-0

[Event "Let's Play Chess!"]
[Site "http://www.queenalice.com/game.php?id=1244474"]
[Date "2014.1.2"]
[Round "-"]
[White "duberry"]
[Black "CNJEDUARDO"]
[Result "0-1"]
[WhiteElo "1964"]
[BlackElo "2097"]

1. e4 e5 2. Nc3 Nf6 3. f4 exf4 4. e5 Ng8 5. Nf3 Be7 6. d4 Bh4+ 7. Ke2 Nc6 8.
Bxf4 Be7 9. Nd5 b6 10. Kf2 h6 11. e6 d6 12. exf7+ Kxf7 13. Nxe7 Qxe7 14. Bc4+
Kf8 15. Re1 Qf6 16. Qd2 Bg4 17. Bd5 Nge7 18. Qc3 Bxf3 19. Qxf3 Nxd4 20. Re6 Qf5
21. Qe4 Qxd5 22. Rxe7 Qxe4 23. Rxe4 Nf5 24. Rd1 Kf7 25. Rc4 Rac8 26. Rd5 Ke6 27.
Rb5 c5 28. c3 Kd5 29. Ra4 Rc7 30. g4 Nh4 31. c4+ Kc6 32. Rb3 Rf7 33. Kg3 g5 34.
Bd2 Rhf8 35. Raa3 Rf2 36. Bc1 Rg2+ 37. Kh3 Rff2 0-1

[Event "Let's Play Chess!"]
[Site "http://www.queenalice.com/game.php?id=1244475"]
[Date "2014.1.2"]
[Round "-"]
[White "jeffeson"]
[Black "duberry"]
[Result "1-0"]
[WhiteElo "2084"]
[BlackElo "1976"]

1. d4 e6 2. c4 Nf6 3. Nf3 b6 4. g3 Bb7 5. Bg2 Be7 6. O-O O-O 7. Nc3 c6 8. e4 d5
9. e5 Nfd7 10. cxd5 cxd5 11. Bf4 Ba6 12. Re1 Nc6 13. Rc1 Ndb8 14. Qa4 g5 15. Be3
Nb4 16. Bf1 Bxf1 17. Rxf1 h6 18. a3 Nd3 19. Rb1 f5 20. exf6 Rxf6 21. Nd2 a6 22.
Qc2 Nf4 23. gxf4 g4 24. Ne2 h5 25. Rbc1 Rf8 26. f3 Kg7 27. fxg4 Bd6 28. Nf3 hxg4
29. Ng5 Rh8 30. Nxe6+ 1-0

[Event "AUTO-OPEN-3156"]
[Site "http://www.queenalice.com/game.php?id=1244752"]
[Date "2014.1.3"]
[Round "1"]
[White "duberry"]
[Black "landscapsy"]
[Result "1-0"]
[WhiteElo "2005"]
[BlackElo "1716"]

1. e4 e5 2. Nc3 Nf6 3. f4 exf4 4. e5 Ng8 5. Nf3 b6 6. d4 Bb7 7. d5 Nh6 8. d6
cxd6 9. exd6 Qf6 10. Nb5 Na6 11. Qe2+ Kd8 12. Nc7 Nxc7 13. dxc7+ Kxc7 14. Qc4+
Bc6 15. Bxf4+ Bd6 16. Bxd6+ Qxd6 17. Rd1 Rhe8+ 18. Be2 Qe6 19. Qxe6 Rxe6 20. Nd4
Re4 21. O-O f5 22. Nb5+ Bxb5 23. Bxb5 d6 24. Rf3 Rf8 25. Rc3+ Kb8 26. h3 Nf7 27.
a4 1-0

[Event "AUTO-OPEN-3156"]
[Site "http://www.queenalice.com/game.php?id=1244753"]
[Date "2014.1.3"]
[Round "1"]
[White "landscapsy"]
[Black "duberry"]
[Result "0-1"]
[WhiteElo "1720"]
[BlackElo "2012"]

1. d4 e6 2. c4 Nf6 3. a3 b6 4. Nc3 Ba6 5. b3 d6 6. g3 Bb7 7. Nf3 Nbd7 8. Bg2 Rb8
9. O-O c6 10. e4 e5 11. d5 Nc5 12. Bg5 Be7 13. Bxf6 gxf6 14. Nh4 h5 15. Nf5 Kd7
16. Bh3 Kc7 17. b4 Nd7 18. b5 c5 19. a4 Kc8 20. a5 bxa5 21. Ra4 Ra8 22. Qd2 Bf8
23. Na2 Kb8 24. Nc1 Qc7 25. Nb3 Nb6 26. Rxa5 Nxc4 27. Qc3 Nxa5 0-1

[Event "AUTO-OPEN-3156"]
[Site "http://www.queenalice.com/game.php?id=1244754"]
[Date "2014.1.3"]
[Round "1"]
[White "duberry"]
[Black "hrob"]
[Result "0-1"]
[WhiteElo "2009"]
[BlackElo "2165"]

1. e4 e5 2. Nc3 Nf6 3. f4 d5 4. fxe5 Nxe4 5. d3 Nxc3 6. bxc3 Nc6 7. Nf3 d4 8.
Be2 dxc3 9. d4 Bf5 10. a3 Qd5 11. O-O Be7 12. Be3 O-O-O 13. Bd3 Bg4 14. Be2 f6
15. Qd3 fxe5 16. dxe5 Qxd3 17. Bxd3 Bxf3 18. Rxf3 Nxe5 19. Bf5+ Kb8 20. Rh3 Rhf8
21. g4 h5 22. Rg3 g6 23. Bf4 Nxg4 24. Bxc7+ Kxc7 0-1

[Event "AUTO-OPEN-3156"]
[Site "http://www.queenalice.com/game.php?id=1244755"]
[Date "2014.1.3"]
[Round "1"]
[White "hrob"]
[Black "duberry"]
[Result "1-0"]
[WhiteElo "2065"]
[BlackElo "2039"]

1. e4 c5 2. Bc4 Nf6 3. Nc3 e6 4. Nf3 Nc6 5. d4 cxd4 6. Nxd4 a6 7. Nxc6 bxc6 8.
e5 Nd5 9. O-O Bb7 10. Qf3 Nb6 11. Bd3 d5 12. exd6 Bxd6 13. Re1 Qc7 14. Ne4 Bxh2+
15. Kf1 Be5 16. Nc5 Bc8 17. Rxe5 O-O 18. Bxh7+ 1-0

[Event "AUTO-MASTER-2008"]
[Site "http://www.queenalice.com/game.php?id=1244925"]
[Date "2014.1.3"]
[Round "1"]
[White "duberry"]
[Black "Herivelto"]
[Result "0-1"]
[WhiteElo "1964"]
[BlackElo "2057"]

1. e4 c5 2. Nf3 d6 3. d4 cxd4 4. Nxd4 Nf6 5. Nc3 a6 6. h3 Nc6 7. Be3 e6 8. Nxc6
bxc6 9. Be2 Be7 10. Qd2 d5 11. e5 Nd7 12. f4 c5 13. Bf2 Rb8 14. O-O-O Nb6 15.
Qe1 d4 16. h4 Qc7 17. Nb1 Nd5 18. g3 Nb4 19. Bc4 Bb7 20. Nd2 Bd5 21. Bxd5 exd5
22. Nb3 Nxa2+ 23. Kb1 Nb4 24. Nc1 Qb7 25. Bxd4 cxd4 26. b3 d3 27. Nxd3 Nxc2 28.
Qc3 Rc8 29. Kxc2 Rxc3+ 30. Kxc3 O-O 31. Rh2 Rc8+ 32. Kb2 a5 33. Ra1 Qb6 34. f5
Qd4+ 0-1

[Event "AUTO-MASTER-2008"]
[Site "http://www.queenalice.com/game.php?id=1244926"]
[Date "2014.1.3"]
[Round "1"]
[White "Herivelto"]
[Black "duberry"]
[Result "1-0"]
[WhiteElo "2006"]
[BlackElo "2043"]

1. Nf3 g6 2. d4 Bg7 3. e4 c5 4. d5 d6 5. Bg5 Bxb2 6. Nbd2 Bxa1 7. Qxa1 f6 8. Be2
a6 9. O-O Bg4 10. h3 Bh5 11. g4 h6 12. gxh5 hxg5 13. Nxg5 gxh5 14. Kh2 Qa5 15.
Nc4 Qc7 16. Ne6 Qd7 17. Nb6 Qxe6 18. dxe6 Ra7 19. Rg1 Kf8 20. Qd1 Nc6 21. Bxh5
1-0

[Event "AUTO-MASTER-2008"]
[Site "http://www.queenalice.com/game.php?id=1244927"]
[Date "2014.1.3"]
[Round "1"]
[White "duberry"]
[Black "sia"]
[Result "0-1"]
[WhiteElo "1999"]
[BlackElo "2066"]

1. e4 e6 2. d4 d6 3. Nc3 Be7 4. Nf3 Bd7 5. h4 Nf6 6. Be2 Nc6 7. b3 a6 8. h5 h6
9. Ng1 d5 10. e5 Ne4 11. Nxe4 dxe4 12. a3 Bg5 13. c3 O-O 14. Bb2 f6 15. Qc2 fxe5
16. Qxe4 exd4 17. Bd3 Rf5 18. cxd4 Qf6 19. Nh3 e5 20. g4 exd4 21. Bc4+ Kh8 22.
Nxg5 Rxg5 0-1

[Event "AUTO-MASTER-2008"]
[Site "http://www.queenalice.com/game.php?id=1244928"]
[Date "2014.1.3"]
[Round "1"]
[White "sia"]
[Black "duberry"]
[Result "1-0"]
[WhiteElo "2067"]
[BlackElo "2026"]

1. g3 d5 2. Bg2 Nf6 3. b3 e5 4. Bb2 Nc6 5. d3 Bd6 6. Nf3 Qe7 7. O-O O-O 8. Nc3
a6 9. Nh4 Be6 10. e4 Qd7 11. exd5 Nxd5 12. Nxd5 Bxd5 13. Bxd5 Be7 14. Bxc6 Qxc6
15. Bxe5 Bxh4 16. gxh4 1-0

[Event "AUTO-MASTER-2008"]
[Site "http://www.queenalice.com/game.php?id=1244929"]
[Date "2014.1.3"]
[Round "1"]
[White "duberry"]
[Black "JailtonMaster"]
[Result "0-1"]
[WhiteElo "1986"]
[BlackElo "2139"]

1. e4 c5 2. Nf3 d6 3. d4 cxd4 4. Nxd4 Nf6 5. Nc3 a6 6. Be2 e6 7. Be3 Be7 8. f4
Nc6 9. Bf3 e5 10. Nxc6 bxc6 11. fxe5 dxe5 12. Qxd8+ Bxd8 13. Bc5 Be7 14. Bxe7
Kxe7 15. O-O-O Be6 16. Rd2 Rhd8 17. Rhd1 Rxd2 18. Rxd2 Rd8 19. Rxd8 Kxd8 20. b3
g5 21. b4 g4 22. Be2 Bc8 23. Kd2 Ke7 24. Kd3 Be6 25. a3 h5 26. Na4 Nd7 27. Kc3
h4 28. Bxa6 g3 29. h3 Bxh3 30. Bf1 Bg4 0-1

[Event "AUTO-MASTER-2008"]
[Site "http://www.queenalice.com/game.php?id=1244930"]
[Date "2014.1.3"]
[Round "1"]
[White "JailtonMaster"]
[Black "duberry"]
[Result "1-0"]
[WhiteElo "2131"]
[BlackElo "2016"]

1. e4 c5 2. Nf3 d6 3. d4 cxd4 4. Nxd4 Nf6 5. Nc3 e6 6. Bc4 a6 7. a4 Be7 8. O-O
O-O 9. Kh1 d5 10. exd5 exd5 11. Bb3 Bg4 12. f3 Bc8 13. Re1 Qd6 14. Bf4 Qxf4 15.
Nxd5 Nxd5 16. Bxd5 Bd6 17. g3 Qh6 18. Ne6 Bxg3 19. Re2 fxe6 20. Bb3 Nc6 21. Rg2
Rd8 22. Qe2 Bc7 23. c3 Ne5 24. Rag1 Rd7 25. f4 Bb6 26. Rf1 1-0

[Event "AUTO-MASTER-2313"]
[Site "http://www.queenalice.com/game.php?id=1365689"]
[Date "2015.6.15"]
[Round "1"]
[White "duberry"]
[Black "GildemarSantos"]
[Result "0-1"]
[WhiteElo "1894"]
[BlackElo "2236"]

1. e4 c5 2. Nf3 d6 3. d4 cxd4 4. Nxd4 Nf6 5. f3 e5 6. Nb5 a6 7. N5c3 Nc6 8. Be3
Be7 9. Be2 O-O 10. a3 Qc7 11. O-O Be6 12. Nd5 Bxd5 13. exd5 Nd8 14. Nc3 Rc8 15.
Qd2 b5 16. Bd3 Nb7 17. Bf5 Rb8 18. b4 Rfe8 19. Qd3 g6 20. Bh3 Nd7 21. Ne4 Nb6
22. Bxb6 Qxb6+ 23. Kh1 f5 0-1

[Event "AUTO-MASTER-2313"]
[Site "http://www.queenalice.com/game.php?id=1365700"]
[Date "2015.6.15"]
[Round "1"]
[White "jpot2503"]
[Black "duberry"]
[Result "1-0"]
[WhiteElo "2022"]
[BlackElo "1964"]

1. Nf3 d5 2. d4 Nc6 3. c4 Bd7 4. cxd5 Nb4 5. Nc3 e5 6. Nxe5 Bf5 7. e4 Bxe4 8.
Nxe4 Qxd5 9. Nc3 Qd6 10. Bc4 O-O-O 11. Nxf7 Qe7+ 12. Be3 Rxd4 13. Qb3 Nc6 14.
Be6+ 1-0

[Event "AUTO-MASTER-2313"]
[Site "http://www.queenalice.com/game.php?id=1365701"]
[Date "2015.6.15"]
[Round "1"]
[White "duberry"]
[Black "jpot2503"]
[Result "0-1"]
[WhiteElo "1904"]
[BlackElo "2042"]

1. e4 e5 2. Nf3 Nc6 3. Bb5 a6 4. Ba4 Nf6 5. Nc3 b5 6. Bb3 Bc5 7. O-O O-O 8. d3
Bb7 9. Bg5 d6 10. Nd5 Na5 11. Nxf6+ gxf6 12. Bh6 Nxb3 13. Nd2 f5 14. Nxb3 Re8
15. Nxc5 dxc5 16. Qh5 Qf6 17. exf5 Kh8 18. Qg5 Qxg5 19. Bxg5 e4 20. Rae1 exd3
21. Bf6+ Kg8 22. cxd3 Bd5 23. Re3 Bxa2 24. Rg3+ Kf8 25. Rg7 Rec8 0-1

[Event "AUTO-MASTER-2313"]
[Site "http://www.queenalice.com/game.php?id=1365708"]
[Date "2015.6.15"]
[Round "1"]
[White "duberry"]
[Black "Gera"]
[Result "0-1"]
[WhiteElo "1926"]
[BlackElo "1769"]

1. e4 Nc6 2. Nf3 e5 3. Bb5 Nge7 4. O-O g6 5. Nc3 Bg7 6. d3 O-O 7. h3 d6 8. Bg5
f6 9. Be3 Be6 10. Ne2 h6 11. Nh2 d5 12. Bc5 Rf7 13. Qc1 a6 14. Ba4 b5 15. Bb3
Na5 16. Be3 Nxb3 17. axb3 Kh7 18. f3 c6 19. Qe1 Qc7 20. Bc5 Nc8 21. Qa5 f5 22.
Qxc7 Rxc7 23. Ra5 Rb7 24. Rfa1 Bd7 25. Nf1 Bf6 26. exd5 Rc7 27. d6 Rb7 28. c3
Bg7 29. d4 exd4 30. cxd4 Bf8 0-1

[Event "AUTO-MASTER-2313"]
[Site "http://www.queenalice.com/game.php?id=1365709"]
[Date "2015.6.15"]
[Round "1"]
[White "Gera"]
[Black "duberry"]
[Result "1-0"]
[WhiteElo "1754"]
[BlackElo "1950"]

1. c4 c5 2. Nc3 Nc6 3. g3 e6 4. e3 Nf6 5. Bg2 Be7 6. Nge2 Ne5 7. d3 h5 8. h4 a6
9. b3 d6 10. O-O Ng6 11. Bb2 Ng4 12. Qc2 Bxh4 13. Bh3 Be7 14. d4 d5 15. Rad1 Nf6
16. dxc5 Ne5 17. Bg2 Neg4 18. cxd5 e5 19. d6 Bf8 20. Nd5 Nxd5 21. Rxd5 Bd7 22.
Bxe5 Qc8 23. Qe4 Nxe5 24. Qxe5+ Kd8 25. Qg5+ 1-0